{"text_format":"3","workbook":"xls","n_sheets":1,"sheets":["Sheet1"],"read":"whole","date_system":"1900","formulas":"cached_only"}

{"sheet":"Sheet1","index":0,"n_rows":64,"n_cols":6,"rows_kept":64,"merged":[[3,0,3,5],[66,0,66,5]],"flags":["formulas_cached_only"]}
[]
["125476,  Москва,  ул. Василия Петушкова,  д.11,      225-99-11"]
[null,"\"Мир Электрика\""]
["Специальное предложение"]
[null,"(цены действительны при закупке всего количества одной позиции или в ассортименте  на сумму более 10 000 руб.)"]
[]
[]
[{"$nulls":5},"18.11.2009"]
[]
[]
["№","Наименование товара","Цена","Кол-во","Ед.","Сумма"]
["1","Пак. вык. ПВ-2- 25А.",{"v":60,"d":"60.00"},134,"шт.",{"v":8040,"d":"8,040.00"}]
["2","Пак. вык. ПВ-3-25А.",{"v":60,"d":"60.00"},138,"шт.",{"v":8280,"d":"8,280.00"}]
["3","Дроссель для люм. ламп 36/40",{"v":60,"d":"60.00"},323,"шт.",{"v":19380,"d":"19,380.00"}]
["4","RG-58 (50 Ом)",{"v":4,"d":"4.00"},3156,"м",{"v":12624,"d":"12,624.00"}]
["5","РК-75-1,5-111",1.98,2800,"м",{"v":5544,"d":"5,544.00"}]
["6","РК-75-3-32 (Подольск)",{"v":7,"d":"7.00"},1610,"м",{"v":11270,"d":"11,270.00"}]
["7","Кнопка  SASSIN  ХВ - 2 - BW 3361 (красн. однокн.)",{"v":70,"d":"70.00"},17,"шт.",{"v":1190,"d":"1,190.00"}]
["8","Магн. пуск. ПМУР -65 - 11 220В",{"v":3100,"d":"3,100.00"},9,"шт.",{"v":27900,"d":"27,900.00"}]
["9","Кор. монтажная 2 -Л90",{"v":2,"d":"2.00"},4760,"шт.",{"v":9520,"d":"9,520.00"}]
["10","АПВ 35,0 ж\\з",{"v":12,"d":"12.00"},650,"шт.",{"v":7800,"d":"7,800.00"}]
["11","АППВ  3х 4,0",{"v":5,"d":"5.00"},2200,"м",{"v":11000,"d":"11,000.00"}]
["12","МПО - 1,5",{"v":1,"d":"1.00"},11775,"м",{"v":11775,"d":"11,775.00"}]
["13","ШВВП  2х  0,5",{"v":4.2,"d":"4.20"},778,"м",{"v":3267.6,"d":"3,267.60"}]
["14","Радиорозетка РПВ-1",{"v":2,"d":"2.00"},55,"шт.",{"v":110,"d":"110.00"}]
["15","Разъем ИЭ 990 - 2А -  25А - 3-х штыр.",{"v":80,"d":"80.00"},169,"шт.",{"v":13520,"d":"13,520.00"}]
["16","Реле ПЭ - 21, перем. 220 В , 2з/2р/2перекл.",{"v":45,"d":"45.00"},226,"шт.",{"v":10170,"d":"10,170.00"}]
["17","Реле ПЭ - 20 36В",{"v":12,"d":"12.00"},55,"шт.",{"v":660,"d":"660.00"}]
["18","Сигнал. арматура желт. с лампой 24 В",{"v":20,"d":"20.00"},68,"шт.",{"v":1360,"d":"1,360.00"}]
["19","Сигнал. арматура зел. с лампой 24 В",{"v":20,"d":"20.00"},89,"шт.",{"v":1780,"d":"1,780.00"}]
["20","Автотрансформатор  А.О.С.Н 2",{"v":730,"d":"730.00"},15,"шт.",{"v":10950,"d":"10,950.00"}]
["21","Трансф. тока  20/5  , ТО- 0,66 УЗ серый",{"v":150,"d":"150.00"},2,"шт.",{"v":300,"d":"300.00"}]
["22","Трансф. тока  40/5  , ТО- 0,66 УЗ серый",{"v":150,"d":"150.00"},10,"шт.",{"v":1500,"d":"1,500.00"}]
["23","Трансф. тока  50/5  , ТО- 0,66 УЗ серый",{"v":150,"d":"150.00"},1,"шт.",{"v":150,"d":"150.00"}]
["24","Трансф. тока  75/5  , ТО- 0,66 УЗ серый",{"v":150,"d":"150.00"},4,"шт.",{"v":600,"d":"600.00"}]
["25","Трансф. тока 100/5 , ТО- 0,66 УЗ серый",{"v":150,"d":"150.00"},5,"шт.",{"v":750,"d":"750.00"}]
["26","Трансф. тока 150/5 , ТО- 0,66 УЗ серый",{"v":150,"d":"150.00"},3,"шт.",{"v":450,"d":"450.00"}]
["28","Ящик мет. ШР  (600х400х250)",{"v":900,"d":"900.00"},3,"шт.",{"v":2700,"d":"2,700.00"}]
["29","Ящик мет. ШР (2200х1500х650)",{"v":2500,"d":"2,500.00"},1,"шт.",{"v":2500,"d":"2,500.00"}]
["30","Блок 2 выкл. РЦ 01",{"v":20,"d":"20.00"},41,"шт.",{"v":820,"d":"820.00"}]
["31","Выкл. С-16-066    с подсвет. ( Рондо )",{"v":27,"d":"27.00"},73,"шт.",{"v":1971,"d":"1,971.00"}]
["32","Выкл. С-16-067 ( Рондо ) крем.",{"v":27,"d":"27.00"},60,"шт.",{"v":1620,"d":"1,620.00"}]
["33","Выкл. С-56 - 051 с подсвет. ( Рондо )",{"v":33,"d":"33.00"},80,"шт.",{"v":2640,"d":"2,640.00"}]
["34","Выкл. С-56 - 052 , крем ( Рондо )",{"v":33,"d":"33.00"},56,"шт.",{"v":1848,"d":"1,848.00"}]
["35","Выкл. С-64 - 001 проходной",{"v":9,"d":"9.00"},48,"шт.",{"v":432,"d":"432.00"}]
["36","Выкл. сенсорный ( 3 мин.) С1-1-002",{"v":50,"d":"50.00"},12,"шт.",{"v":600,"d":"600.00"}]
["37","Эл. патрон Е - 14 ( миньон ) с \"ушками\"",{"v":5,"d":"5.00"},304,"шт.",{"v":1520,"d":"1,520.00"}]
["38","Розет. 2 РС10-211 с/п двойная евро",{"v":20,"d":"20.00"},103,"шт.",{"v":2060,"d":"2,060.00"}]
["39","Розет. РС10-185 с/п ( Рондо )",{"v":19,"d":"19.00"},55,"шт.",{"v":1045,"d":"1,045.00"}]
["40","Розет. РС10-185 с/п  крем. ( Рондо )",{"v":19,"d":"19.00"},35,"шт.",{"v":665,"d":"665.00"}]
["41","Авто. выкл. 1 п. SASSIN -  4А.",{"v":23,"d":"23.00"},6,"шт.",{"v":138,"d":"138.00"}]
["42","Авто. выкл. 1 п. SASSIN - 20А",{"v":23,"d":"23.00"},5,"шт.",{"v":115,"d":"115.00"}]
["43","Авто. выкл. 1 п. SASSIN - 32А.",{"v":23,"d":"23.00"},13,"шт.",{"v":299,"d":"299.00"}]
["44","Авто. выкл. 1 п. SASSIN - 40А.",{"v":23,"d":"23.00"},135,"шт.",{"v":3105,"d":"3,105.00"}]
["45","Авто. выкл. 1 п. SASSIN - 63.",{"v":23,"d":"23.00"},110,"шт.",{"v":2530,"d":"2,530.00"}]
["46","Авто. выкл. 3 п. SASSIN - 10А.",{"v":65,"d":"65.00"},23,"шт.",{"v":1495,"d":"1,495.00"}]
["47","Авто. выкл. 3 п. SASSIN - 16А.",{"v":65,"d":"65.00"},18,"шт.",{"v":1170,"d":"1,170.00"}]
["48","Авто. выкл. 3 п. SASSIN - 50А.",{"v":65,"d":"65.00"},50,"шт.",{"v":3250,"d":"3,250.00"}]
["49","Авто. выкл. 3 п. SASSIN - 63А.",{"v":65,"d":"65.00"},50,"шт.",{"v":3250,"d":"3,250.00"}]
[]
[{"$nulls":3},"Итого:",null,{"v":215843.6,"d":"215,843.60 руб."}]
[{"$nulls":3},"В том числе"]
[{"$nulls":3},"НДС:",null,{"v":32925.28,"d":"32,925.28 руб."}]
[null,"тел. 225-99-11    Мир Электрика"]